| 000 | 00657nam a22001937a 4500 | ||
|---|---|---|---|
| 003 | BD-DhUL | ||
| 005 | 20160821172117.0 | ||
| 008 | 160821s1982 bg ||||| |||| 00| 0 ben | ||
| 040 |
_aBD-DhUL _cBD-DhUL |
||
| 082 |
_a323.4495492 _bSAB |
||
| 100 | 1 | _aআবু সায়ীদ | |
| 245 | 1 | 0 |
_aবাংলাদেশের গেরিলা যুদ্ধ / _cআবু সায়ীদ |
| 250 | _a৪র্থ প্রকাশ | ||
| 260 |
_aঢাকা : _bমুক্তধারা, _c১৯৯১ |
||
| 300 |
_a১১১ পৃ. ; _c২০ সেমি. |
||
| 650 | 0 | _aবাংলাদেশ | |
| 650 | 0 | _aBangladesh | |
| 942 |
_2ddc _cBK |
||
| 999 |
_c100029 _d100029 |
||